[Event "DRUGA LIGA SRBIJE-GRUPA VOJVODINA-2019."]
[Site "Kovacica"]
[Date "2019.11.05"]
[Round "6.1"]
[White "Hart, Alexander"]
[Black "Pastar, Slaven"]
[Result "0-1"]
[WhiteElo "1952"]
[BlackElo "2280"]
[PlyCount "70"]
[EventDate "2019.11.01"]
[WhiteTeam "SK Bora Ivkov Ban. N. Selo"]
[BlackTeam "SK Bata Cosic Opovo"]

1. Nf3 d5 2. c4 d4 3. d3 c5 4. g3 Nc6 5. Bg2 e5 6. O-O Be7 7. e3 Nf6 8. exd4
exd4 9. Na3 O-O 10. Nc2 Re8 11. Re1 h6 12. Rb1 Be6 13. a3 a5 14. b3 Qd7 15. Bb2
Bh3 16. Bh1 Bf8 17. Qd2 Bf5 18. Bg2 Ng4 19. b4 Rxe1+ 20. Rxe1 axb4 21. axb4 Ra2
22. Rb1 cxb4 23. Qd1 Bc5 24. Na1 Nge5 25. Ne1 Bg4 26. Qb3 Ra6 27. f4 Ng6 28.
Qc2 Na5 29. Nf3 Re6 30. Qf2 Re3 31. Rd1 Qe8 32. Bc1 Re2 33. Qf1 b3 34. Re1 Bxf3
35. Rxe2 Bxe2 0-1

[Event "DRUGA LIGA SRBIJE-GRUPA VOJVODINA-2019."]
[Site "Kovacica"]
[Date "2019.11.05"]
[Round "6.1"]
[White "Milenkovic, Mladen"]
[Black "Milanovic, Stanko"]
[Result "1-0"]
[WhiteElo "2304"]
[BlackElo "2143"]
[PlyCount "85"]
[EventDate "2019.11.01"]
[WhiteTeam "SK Bata Cosic Opovo"]
[BlackTeam "SK Bora Ivkov Ban. N. Selo"]

1. e4 e5 2. Nf3 Nc6 3. d4 exd4 4. Nxd4 Nf6 5. Nc3 Bc5 6. Be3 Nxd4 7. Bxd4 Qe7
8. Be2 Bxd4 9. Qxd4 d6 10. O-O-O a6 11. f4 Be6 12. g4 O-O 13. f5 Bc8 14. g5 Ne8
15. h4 c6 16. Kb1 b5 17. Bf3 Qa7 18. Qd2 Rb8 19. h5 b4 20. Ne2 d5 21. Nd4 Qc5
22. exd5 cxd5 23. h6 g6 24. fxg6 hxg6 25. Nb3 Qb6 26. Bxd5 Kh7 27. Rhf1 Bf5 28.
Bc4 a5 29. Qd4 a4 30. Qxb6 Rxb6 31. Nd4 Nd6 32. Nxf5 Nxc4 33. Rd4 Na3+ 34. bxa3
bxa3+ 35. Kc1 gxf5 36. Rxa4 Rfb8 37. Rxf5 Rb1+ 38. Kd2 Rd8+ 39. Kc3 Rc8+ 40.
Rc4 Rxc4+ 41. Kxc4 Kg6 42. Rf6+ Kxg5 43. h7 1-0

[Event "DRUGA LIGA SRBIJE-GRUPA VOJVODINA-2019."]
[Site "Kovacica"]
[Date "2019.11.05"]
[Round "6.1"]
[White "Rajin, Milan"]
[Black "Jovanovski, Slobodan"]
[Result "0-1"]
[WhiteElo "1920"]
[BlackElo "2298"]
[PlyCount "76"]
[EventDate "2019.11.01"]
[WhiteTeam "SK Bora Ivkov Ban. N. Selo"]
[BlackTeam "SK Bata Cosic Opovo"]

1. f4 d5 2. Nf3 Nf6 3. e3 g6 4. b3 Bg7 5. Bb2 O-O 6. Be2 b6 7. O-O Bb7 8. Na3
c5 9. Ng5 e6 10. Bf3 h6 11. Nh3 Nc6 12. d3 Qe7 13. c3 e5 14. Qd2 Rad8 15. Qc2
e4 16. dxe4 dxe4 17. Be2 Nd5 18. Qc1 f5 19. Bc4 Kh7 20. Bxd5 Rxd5 21. Rd1 Rxd1+
22. Qxd1 Nb4 23. Qe2 Nd3 24. Nf2 Ba6 25. Nxd3 Bxd3 26. Qd2 Qf6 27. Rd1 b5 28.
Ba1 Qa6 29. Bb2 c4 30. b4 g5 31. g3 gxf4 32. gxf4 Qg6+ 33. Kh1 Qh5 34. Re1 Rf6
35. Qd1 Qf3+ 36. Qxf3 exf3 37. Kg1 Rg6+ 38. Kf2 Rg2+ 0-1

[Event "DRUGA LIGA SRBIJE-GRUPA VOJVODINA-2019."]
[Site "Kovacica"]
[Date "2019.11.05"]
[Round "6.1"]
[White "Kosanovic, Dragan"]
[Black "Zivkovic, Milan B"]
[Result "1-0"]
[WhiteElo "2280"]
[BlackElo "2046"]
[PlyCount "63"]
[EventDate "2019.11.01"]
[WhiteTeam "SK Bata Cosic Opovo"]
[BlackTeam "SK Bora Ivkov Ban. N. Selo"]

1. d4 Nf6 2. Nf3 g6 3. c4 Bg7 4. Nc3 d5 5. Bg5 c6 6. e3 Nbd7 7. Rc1 O-O 8. Be2
Re8 9. O-O a6 10. a4 Nf8 11. Qb3 e6 12. e4 dxc4 13. Qxc4 h6 14. Bxf6 Bxf6 15.
e5 Bg7 16. Ne4 Nd7 17. Rfd1 Nb6 18. Qb3 Nd5 19. Bc4 Re7 20. Nd6 Rd7 21. h4 Bf8
22. Ne4 Be7 23. h5 g5 24. Nh2 f5 25. exf6 Bxf6 26. Nxf6+ Qxf6 27. Ng4 Qf4 28.
Ne5 Rd8 29. g3 Qf5 30. Bd3 Qh3 31. Be2 Rf8 32. Bg4 1-0

[Event "DRUGA LIGA SRBIJE-GRUPA VOJVODINA-2019."]
[Site "Kovacica"]
[Date "2019.11.05"]
[Round "6.1"]
[White "Njamcul, Dragan"]
[Black "Milojevic, Dusan"]
[Result "0-1"]
[WhiteElo "2320"]
[BlackElo "2244"]
[PlyCount "50"]
[EventDate "2019.11.01"]
[WhiteTeam "SK Bora Ivkov Ban. N. Selo"]
[BlackTeam "SK Bata Cosic Opovo"]

1. d4 Nf6 2. c4 g6 3. Nc3 Bg7 4. e4 d6 5. Be2 O-O 6. Bg5 Nbd7 7. Qd2 c6 8. Bh6
e5 9. d5 cxd5 10. cxd5 Nc5 11. Bxg7 Kxg7 12. f3 a5 13. h4 h5 14. Nh3 Bd7 15.
Ng5 Qe7 16. g4 Rh8 17. O-O-O Rab8 18. Rdf1 b5 19. f4 b4 20. fxe5 Qxe5 21. Rxf6
Qxf6 22. Rf1 bxc3 23. bxc3 Qe5 24. Rxf7+ Kg8 25. gxh5 Nxe4 0-1

[Event "DRUGA LIGA SRBIJE-GRUPA VOJVODINA-2019."]
[Site "Kovacica"]
[Date "2019.11.05"]
[Round "6.1"]
[White "Joksimovic, Dragoljub"]
[Black "Mik, Aurel"]
[Result "0-1"]
[WhiteElo "2138"]
[BlackElo "2039"]
[PlyCount "78"]
[EventDate "2019.11.01"]
[WhiteTeam "SK Bata Cosic Opovo"]
[BlackTeam "SK Bora Ivkov Ban. N. Selo"]

1. c4 e5 2. Nc3 Nc6 3. g3 Nf6 4. Bg2 Bc5 5. e3 Nb4 6. d4 exd4 7. exd4 Bxd4 8.
Nge2 Bb6 9. O-O O-O 10. a3 Na6 11. b4 c6 12. Qc2 h6 13. Bb2 d6 14. Rad1 Qe7 15.
h3 Be6 16. Ne4 Nxe4 17. Qxe4 f5 18. Qd3 Qf7 19. Rc1 d5 20. Nf4 dxc4 21. Qc3 Nc7
22. Nh5 Ne8 23. Rce1 Bd5 24. Rxe8 Raxe8 25. Nxg7 Re2 26. Nxf5 Kh7 27. Bxd5 cxd5
28. g4 Rg8 29. Nd4 Re4 30. Qc2 Qg6 31. Qd1 Qf6 32. Nf3 Qxb2 33. Qxd5 Rf4 34.
Nd2 Qd4 35. Qxd4 Rxd4 36. Nf3 Rf4 37. Nh4 h5 38. Kg2 hxg4 39. Kg3 Bc7 0-1

[Event "DRUGA LIGA SRBIJE-GRUPA VOJVODINA-2019."]
[Site "Kovacica"]
[Date "2019.11.05"]
[Round "6.2"]
[White "Czebe, Attila"]
[Black "Bokros, Albert"]
[Result "1/2-1/2"]
[WhiteElo "2368"]
[BlackElo "2471"]
[PlyCount "20"]
[EventDate "2019.11.01"]
[WhiteTeam "Somborski SK Sombor"]
[BlackTeam "SK Krajina Krajisnik"]

1. d4 d5 2. Nf3 Nf6 3. c4 dxc4 4. e3 a6 5. Bxc4 b5 6. Be2 e6 7. O-O Bb7 8. a4
b4 9. Nbd2 Nbd7 10. b3 c5 1/2-1/2

[Event "DRUGA LIGA SRBIJE-GRUPA VOJVODINA-2019."]
[Site "Kovacica"]
[Date "2019.11.05"]
[Round "6.3"]
[White "Csizik, Karoly"]
[Black "Dedebas, Emre Emin"]
[Result "0-1"]
[WhiteElo "1903"]
[BlackElo "2345"]
[PlyCount "80"]
[EventDate "2019.11.01"]
[WhiteTeam "SK Senta Senta"]
[BlackTeam "SK Vojvodina Novi Sad"]

1. e4 e5 2. d4 exd4 3. Qxd4 Nc6 4. Qe3 Nf6 5. e5 Ng4 6. Qe4 d5 7. exd6+ Be6 8.
Ba6 Na5 9. Be2 Nf6 10. Qa4+ Nc6 11. dxc7 Qxc7 12. Nc3 Bb4 13. a3 Bxc3+ 14. bxc3
Bd5 15. Nf3 Bxf3 16. Bxf3 Qe5+ 17. Be3 Qxc3+ 18. Ke2 O-O 19. Rhd1 Ne5 20. Qb3
Qa5 21. Qxb7 Rab8 22. Qxa7 Qb5+ 23. Ke1 Nxf3+ 24. gxf3 Qc6 25. Rab1 Ra8 26. Qb7
Qxc2 27. Rb3 Rfc8 28. Rbd3 h6 29. Kf1 Rab8 30. Qa6 Kh7 31. R3d2 Qc7 32. Qd6 Qb7
33. Kg1 Qxf3 34. Qf4 Qh5 35. Bd4 Ne4 36. Rd3 Rb3 37. f3 Rxd3 38. Rxd3 Ng5 39.
Qg4 Qg6 40. Rb3 Nxf3+ 0-1

[Event "DRUGA LIGA SRBIJE-GRUPA VOJVODINA-2019."]
[Site "Kovacica"]
[Date "2019.11.05"]
[Round "6.3"]
[White "Savanovic, Vuk"]
[Black "Balla, Tamas-Kristof"]
[Result "1/2-1/2"]
[WhiteElo "2250"]
[BlackElo "2348"]
[PlyCount "63"]
[EventDate "2019.11.01"]
[WhiteTeam "SK Vojvodina Novi Sad"]
[BlackTeam "SK Senta Senta"]

1. e4 c5 2. Nf3 e6 3. d4 cxd4 4. Nxd4 a6 5. Bd3 g6 6. O-O Bg7 7. Be3 Ne7 8. f4
Nbc6 9. Nxc6 Nxc6 10. c3 O-O 11. Nd2 d6 12. a4 Rb8 13. Qf3 f5 14. exf5 gxf5 15.
Nc4 d5 16. Bb6 Qe7 17. Nd2 Qd6 18. Qf2 d4 19. Nc4 Qd7 20. cxd4 Bxd4 21. Bxd4
Qxd4 22. Qxd4 Nxd4 23. Nb6 Rd8 24. Rac1 Bd7 25. Rc7 Bc6 26. Bc4 Kh8 27. Rc1 Rg8
28. g3 Rbd8 29. Kf2 Rg7 30. Rxg7 Kxg7 31. Rd1 Kf6 32. Rd2 1/2-1/2

[Event "DRUGA LIGA SRBIJE-GRUPA VOJVODINA-2019."]
[Site "Kovacica"]
[Date "2019.11.05"]
[Round "6.3"]
[White "Kopasz, Robert"]
[Black "Dragojlovic, Andjelko"]
[Result "1/2-1/2"]
[WhiteElo "2351"]
[BlackElo "2277"]
[PlyCount "43"]
[EventDate "2019.11.01"]
[WhiteTeam "SK Senta Senta"]
[BlackTeam "SK Vojvodina Novi Sad"]

1. Nf3 g6 2. g3 Bg7 3. Bg2 Nf6 4. O-O O-O 5. c4 d5 6. b3 Ne4 7. d4 c6 8. e3 a5
9. Nfd2 Nxd2 10. Bxd2 Be6 11. cxd5 cxd5 12. Nc3 Qd6 13. Qe2 Rd8 14. Rfc1 Nc6
15. Na4 Bc8 16. Rc5 e6 17. Rac1 Bf8 18. Qe1 Nb4 19. Bxb4 axb4 20. R5c2 Bd7 21.
Nc5 Qb6 22. Bf1 1/2-1/2

[Event "DRUGA LIGA SRBIJE-GRUPA VOJVODINA-2019."]
[Site "Kovacica"]
[Date "2019.11.05"]
[Round "6.3"]
[White "Djacanin, Goran"]
[Black "Vranic, Ljubomir"]
[Result "1-0"]
[WhiteElo "2205"]
[BlackElo "2211"]
[PlyCount "49"]
[EventDate "2019.11.01"]
[WhiteTeam "SK Vojvodina Novi Sad"]
[BlackTeam "SK Senta Senta"]

1. e4 d6 2. Nc3 Nf6 3. g3 c5 4. Bg2 Bg4 5. Nge2 Nc6 6. h3 Bd7 7. d3 Rb8 8. a4
Nd4 9. Be3 Nxe2 10. Qxe2 Bc6 11. O-O e6 12. f4 Be7 13. Rae1 O-O 14. b3 Re8 15.
Qf2 Nd7 16. Kh2 a6 17. Ne2 Qc7 18. g4 Qd8 19. g5 Rf8 20. h4 f5 21. exf5 exf5
22. Nc3 Re8 23. Bd2 Bf8 24. Nd5 Nb6 25. Ba5 1-0

[Event "DRUGA LIGA SRBIJE-GRUPA VOJVODINA-2019."]
[Site "Kovacica"]
[Date "2019.11.05"]
[Round "6.3"]
[White "Nagy, Attila N"]
[Black "Ilincic, Aleksa"]
[Result "1-0"]
[WhiteElo "2233"]
[BlackElo "2168"]
[PlyCount "101"]
[EventDate "2019.11.01"]
[WhiteTeam "SK Senta Senta"]
[BlackTeam "SK Vojvodina Novi Sad"]

1. g3 e5 2. c4 Nc6 3. Bg2 Bc5 4. Nc3 d6 5. d3 Nge7 6. Nf3 Bf5 7. O-O Qd7 8. Nd5
Nxd5 9. cxd5 Nd4 10. Nxd4 Bxd4 11. e3 Bb6 12. e4 Bh3 13. Be3 h5 14. Bxh3 Qxh3
15. Bxb6 axb6 16. Rc1 Rxa2 17. Rxc7 O-O 18. Qd2 Rfa8 19. Qb4 Ra1 20. Rcc1 Rxc1
21. Rxc1 Qd7 22. Qxb6 h4 23. Qc7 Qxc7 24. Rxc7 Ra2 25. Rxb7 h3 26. f4 f6 27.
fxe5 fxe5 28. Kf2 Kh7 29. g4 Ra1 30. Kg3 Rg1+ 31. Kh4 Kh6 32. Rd7 Rg2 33. Rxd6+
g6 34. Kxh3 Rd2 35. Kh4 Rxh2+ 36. Kg3 Rd2 37. Re6 Rxd3+ 38. Kh4 Rd2 39. g5+ Kg7
40. Re7+ Kf8 41. Rxe5 Rxb2 42. Re6 Kf7 43. Rf6+ Kg7 44. d6 Rd2 45. Kg4 Rg2+ 46.
Kf4 Rg1 47. e5 Rd1 48. Re6 Kf7 49. Re7+ Kf8 50. Rd7 Ke8 51. Rg7 1-0

[Event "DRUGA LIGA SRBIJE-GRUPA VOJVODINA-2019."]
[Site "Kovacica"]
[Date "2019.11.05"]
[Round "6.3"]
[White "Stikovic, Dobrica"]
[Black "Simonyi, Zoltan"]
[Result "1-0"]
[WhiteElo "2146"]
[BlackElo "2149"]
[PlyCount "131"]
[EventDate "2019.11.01"]
[WhiteTeam "SK Vojvodina Novi Sad"]
[BlackTeam "SK Senta Senta"]

1. c4 e5 2. Nc3 g6 3. Nf3 Bg7 4. d4 d6 5. dxe5 dxe5 6. Qxd8+ Kxd8 7. Bg5+ Ke8
8. O-O-O f6 9. Bd2 Nh6 10. Nd5 Na6 11. Nxf6+ Bxf6 12. Bxh6 Bf5 13. Bg5 Bg7 14.
Nh4 Be6 15. e4 Nb4 16. Kb1 Nc6 17. Nf3 Na5 18. b3 Nc6 19. Be2 Rf8 20. Be3 Rd8
21. Rxd8+ Kxd8 22. Rd1+ Kc8 23. Ng5 Bd7 24. Bc5 Rg8 25. h3 h6 26. Nf3 Be6 27.
Ne1 Rd8 28. Rxd8+ Kxd8 29. Nc2 Kd7 30. Bg4 Bf6 31. Bxe6+ Kxe6 32. Nb4 Nxb4 33.
Bxb4 Bg5 34. Kc2 h5 35. Bd2 Be7 36. f4 Bd6 37. fxe5 Bxe5 38. Bg5 Bg3 39. Kd3
Be5 40. Ke2 c6 41. Kf3 a6 42. Bf4 Bc3 43. g4 hxg4+ 44. Kxg4 Bf6 45. Bc7 Be7 46.
Bf4 Bf6 47. Bg5 Bg7 48. Bd8 Bh6 49. Bc7 Be3 50. Bf4 Bd4 51. Kg5 Kf7 52. e5 Kg7
53. e6 Bf6+ 54. Kg4 Be7 55. Bg5 Bc5 56. a4 b5 57. axb5 axb5 58. cxb5 cxb5 59.
Kf3 Kf8 60. Ke4 Ba3 61. Kd5 Ke8 62. Kc6 b4 63. Be3 Ke7 64. Kd5 Ke8 65. Bc5 Kd8
66. Kc4 1-0

[Event "DRUGA LIGA SRBIJE-GRUPA VOJVODINA-2019."]
[Site "Kovacica"]
[Date "2019.11.05"]
[Round "6.5"]
[White "Jotic, Vladimir"]
[Black "Banovic, Ivan"]
[Result "1/2-1/2"]
[WhiteElo "2288"]
[BlackElo "2218"]
[PlyCount "104"]
[EventDate "2019.11.01"]
[WhiteTeam "SK Polet Rastina"]
[BlackTeam "SK Kraljica PTT Petrovaradin"]

1. Nf3 Nf6 2. g3 g6 3. Bg2 Bg7 4. O-O O-O 5. d3 d6 6. c4 Nc6 7. Nc3 e5 8. Bg5
h6 9. Bxf6 Bxf6 10. Rb1 a5 11. a3 Bg7 12. b4 axb4 13. axb4 Ne7 14. Nd2 c6 15.
b5 Be6 16. Qb3 Qd7 17. Qb4 Rfd8 18. Rfc1 f5 19. Ra1 g5 20. Ra5 Rxa5 21. Qxa5
Rc8 22. Rb1 Qd8 23. Qb4 Bf8 24. Nb3 Ra8 25. d4 e4 26. b6 Ra6 27. c5 d5 28. Ra1
Rxa1+ 29. Nxa1 Qa8 30. Nb3 f4 31. Qa5 Qxa5 32. Nxa5 Bc8 33. e3 f3 34. Bf1 Kf7
35. Na2 Ke8 36. Nb4 g4 37. Nxb7 Bxb7 38. Ba6 Ba8 39. b7 Bxb7 40. Bxb7 Kd7 41.
h3 h5 42. hxg4 hxg4 43. Na6 Bh6 44. Kf1 Bg5 45. Ke1 Bh6 46. Kd2 Bg5 47. Nb4 Kc7
48. Ba6 Nf5 49. Nc2 Bd8 50. Kc3 Kd7 51. Nb4 Ba5 52. Kb3 Bxb4 1/2-1/2

[Event "DRUGA LIGA SRBIJE-GRUPA VOJVODINA-2019."]
[Site "Kovacica"]
[Date "2019.11.05"]
[Round "6.5"]
[White "Remecki, Sinisa"]
[Black "Stocko, Josip"]
[Result "1/2-1/2"]
[WhiteElo "2235"]
[BlackElo "2281"]
[PlyCount "92"]
[EventDate "2019.11.01"]
[WhiteTeam "SK Kraljica PTT Petrovaradin"]
[BlackTeam "SK Polet Rastina"]

1. c4 e5 2. Nc3 Nc6 3. g3 Bc5 4. Bg2 a6 5. d3 d6 6. Nf3 Nge7 7. a3 Ba7 8. O-O
O-O 9. b4 Nd4 10. e3 Nxf3+ 11. Bxf3 c6 12. d4 exd4 13. exd4 Nf5 14. d5 Bd4 15.
Bb2 c5 16. Rb1 b6 17. Qd2 Bd7 18. bxc5 bxc5 19. Ne4 Bxb2 20. Rxb2 Nd4 21. Qf4
Nxf3+ 22. Qxf3 Bh3 23. Rfb1 f5 24. Qh5 Bg4 25. Qg5 Qxg5 26. Nxg5 f4 27. gxf4
Rxf4 28. Rb8+ Rf8 29. Rxf8+ Rxf8 30. Rb6 Be2 31. Rxd6 Bxc4 32. Ne4 Rc8 33. f3
Rf8 34. Nxc5 Rxf3 35. Nxa6 Rxa3 36. Nc7 Rd3 37. Rd7 Rd2 38. h4 h6 39. d6 g5 40.
hxg5 hxg5 41. Ne8 Kf8 42. Nf6 Rd1+ 43. Kg2 Be6 44. Nh7+ Kg8 45. Nf6+ Kf8 46.
Nh7+ Kg8 1/2-1/2

[Event "DRUGA LIGA SRBIJE-GRUPA VOJVODINA-2019."]
[Site "Kovacica"]
[Date "2019.11.05"]
[Round "6.5"]
[White "Popovic, Milos T"]
[Black "Pajcin, Lav"]
[Result "1/2-1/2"]
[WhiteElo "2369"]
[BlackElo "2160"]
[PlyCount "69"]
[EventDate "2019.11.01"]
[WhiteTeam "SK Polet Rastina"]
[BlackTeam "SK Kraljica PTT Petrovaradin"]

1. d4 Nf6 2. Bg5 Ne4 3. Bf4 d5 4. e3 c5 5. Bd3 cxd4 6. Bxe4 dxe4 7. exd4 Nd7 8.
Nc3 Nf6 9. Qd2 e6 10. Nge2 Bb4 11. O-O O-O 12. Qe3 Nd5 13. Qxe4 Bxc3 14. bxc3
Nxf4 15. Nxf4 Qc7 16. Rae1 Qxc3 17. Nh5 Qc6 18. Qh4 f6 19. Re3 g5 20. Rg3 Kh8
21. Qg4 e5 22. Qe2 Be6 23. Re1 Bc4 24. Qg4 Be6 25. Qe2 Bc4 26. Qg4 Be6 27. Qf3
Qxf3 28. gxf3 Bxa2 29. dxe5 fxe5 30. Rxg5 Rg8 31. Rxg8+ Rxg8+ 32. Ng3 Rc8 33.
Rxe5 Rxc2 34. Re7 Bd5 35. Nh5 1/2-1/2

[Event "DRUGA LIGA SRBIJE-GRUPA VOJVODINA-2019."]
[Site "Kovacica"]
[Date "2019.11.05"]
[Round "6.5"]
[White "Matijevic, Radovan"]
[Black "Sljukic, Miodrag"]
[Result "1/2-1/2"]
[WhiteElo "2131"]
[BlackElo "2188"]
[PlyCount "81"]
[EventDate "2019.11.01"]
[WhiteTeam "SK Kraljica PTT Petrovaradin"]
[BlackTeam "SK Polet Rastina"]

1. e4 c6 2. d4 d5 3. Nd2 dxe4 4. Nxe4 Nd7 5. Nf3 Ngf6 6. Bd3 Nxe4 7. Bxe4 Nf6
8. Bd3 Bg4 9. c3 e6 10. Be2 Qc7 11. Bg5 Be7 12. Ne5 Bxe2 13. Qxe2 O-O 14. O-O
Rad8 15. Rfe1 Nd5 16. Bxe7 Qxe7 17. Rad1 c5 18. dxc5 Qxc5 19. c4 Nf6 20. a3 a5
21. g4 Qc7 22. b4 Nd7 23. Nxd7 Rxd7 24. Rxd7 Qxd7 25. bxa5 Qa4 26. Rb1 Qxa5 27.
Qf3 Qc5 28. Rb4 b6 29. Qe3 Qd6 30. h3 Rb8 31. c5 bxc5 32. Qxc5 Qd1+ 33. Kg2 Rd8
34. Qc7 h6 35. Rb8 Qd5+ 36. Kh2 Rxb8 37. Qxb8+ Kh7 38. Qf4 e5 39. Qe3 e4 40. a4
g6 41. a5 1/2-1/2

[Event "DRUGA LIGA SRBIJE-GRUPA VOJVODINA-2019."]
[Site "Kovacica"]
[Date "2019.11.05"]
[Round "6.5"]
[White "Babic, Damir M"]
[Black "Ubiparip, Zivko"]
[Result "0-1"]
[WhiteElo "2103"]
[BlackElo "2144"]
[PlyCount "92"]
[EventDate "2019.11.01"]
[WhiteTeam "SK Polet Rastina"]
[BlackTeam "SK Kraljica PTT Petrovaradin"]

1. d4 Nf6 2. c4 c5 3. d5 b5 4. cxb5 a6 5. bxa6 g6 6. Nc3 Bxa6 7. Nf3 d6 8. h3
Bg7 9. e4 Bxf1 10. Kxf1 Nbd7 11. Kg1 O-O 12. Kh2 Qb6 13. Qe2 Rfb8 14. Nd2 Ne8
15. f4 Nc7 16. Re1 Qa6 17. Qg4 Nf6 18. Qf3 e6 19. g4 exd5 20. g5 Nxe4 21. Ndxe4
dxe4 22. Nxe4 Ne6 23. Nf6+ Bxf6 24. gxf6 Nd4 25. Qd5 Qd3 26. Be3 Rxb2+ 27. Kh1
Rf8 28. Rad1 Qf5 29. Qxf5 Nxf5 30. a3 h5 31. Bc1 Ra2 32. Rd2 Ra1 33. Rd3 Rb8
34. Kg2 Kh7 35. Rdd1 d5 36. Rxd5 Rxc1 37. Rxc1 Ne3+ 38. Kf3 Nxd5 39. Rc4 Rb3+
40. Ke4 Nxf6+ 41. Ke5 Kg7 42. a4 Rxh3 43. Kd6 Ra3 44. Kc6 h4 45. Kb5 h3 46. Rc2
Ng4 0-1

[Event "DRUGA LIGA SRBIJE-GRUPA VOJVODINA-2019."]
[Site "Kovacica"]
[Date "2019.11.05"]
[Round "6.6"]
[White "Mandic, Milenko"]
[Black "Varga, Zoltan"]
[Result "1-0"]
[WhiteElo "1904"]
[BlackElo "2424"]
[PlyCount "125"]
[EventDate "2019.11.01"]
[WhiteTeam "SK Sloga Indjija"]
[BlackTeam "SK Backa Pacir"]

1. d4 d5 2. Nf3 c6 3. c3 Bg4 4. Ne5 Bh5 5. Qb3 Qb6 6. Bf4 f6 7. Nd3 Nd7 8. e3
g5 9. Bg3 Nh6 10. h4 g4 11. Nf4 Bf7 12. Be2 Rg8 13. Nd2 Nf5 14. Qc2 Nxg3 15.
fxg3 e5 16. Nd3 h5 17. O-O Bd6 18. Kh2 Bg6 19. Rf2 O-O-O 20. b4 Rde8 21. Nf1
Qc7 22. Qd2 b6 23. a4 Kd8 24. a5 Ke7 25. Nb2 Nf8 26. axb6 axb6 27. b5 Nd7 28.
c4 exd4 29. exd4 c5 30. Bd3 cxd4 31. cxd5 Qc3 32. Re2+ Ne5 33. Ra7+ Kd8 34.
Bxg6 Rxg6 35. Na4 Qxd2 36. Rxd2 Nd7 37. Rxd4 Re1 38. Nd2 Re3 39. Ne4 Be5 40. d6
Bxd4 41. Ra8+ Nb8 42. Rxb8+ Kd7 43. Rb7+ Kd8 44. Rb8+ Kd7 45. Rb7+ Kc8 46. d7+
Kd8 47. Nd6 Rg7 48. Nf5 Rxd7 49. Rxd7+ Kxd7 50. Nxd4 Re4 51. Nxb6+ Kc7 52. Nd5+
Kd6 53. Ne3 Kc5 54. Nef5 Re8 55. b6 Kxb6 56. Ng7 Re5 57. Nde6 Kc6 58. Nf4 Kd6
59. Ngxh5 f5 60. Ng7 Ra5 61. Ng6 Rb5 62. h5 Kd7 63. h6 1-0

[Event "DRUGA LIGA SRBIJE-GRUPA VOJVODINA-2019."]
[Site "Kovacica"]
[Date "2019.11.05"]
[Round "6.6"]
[White "Farkas, Tibor"]
[Black "Marceta, Dimitrije"]
[Result "1-0"]
[WhiteElo "2274"]
[BlackElo "1766"]
[PlyCount "47"]
[EventDate "2019.11.01"]
[WhiteTeam "SK Backa Pacir"]
[BlackTeam "SK Sloga Indjija"]

1. e4 c5 2. Nc3 Nc6 3. Bb5 d6 4. Bxc6+ bxc6 5. d3 g6 6. f4 Bg7 7. Nf3 Nf6 8.
O-O O-O 9. Qe1 Nd7 10. Kh1 e5 11. f5 Nf6 12. Qh4 gxf5 13. Bg5 f4 14. g3 h6 15.
Bxh6 Bxh6 16. Qxh6 Ng4 17. Qh5 Ne3 18. Ng5 Kg7 19. gxf4 Nxf1 20. Rxf1 Be6 21.
Nxe6+ fxe6 22. Rg1+ Kf6 23. Rg6+ Ke7 24. Rg7+ 1-0

[Event "DRUGA LIGA SRBIJE-GRUPA VOJVODINA-2019."]
[Site "Kovacica"]
[Date "2019.11.05"]
[Round "6.6"]
[White "Parkajic, Branislav"]
[Black "Arbutina, Sinisa"]
[Result "1-0"]
[WhiteElo "1922"]
[BlackElo "2323"]
[PlyCount "75"]
[EventDate "2019.11.01"]
[WhiteTeam "SK Sloga Indjija"]
[BlackTeam "SK Backa Pacir"]

1. Nf3 d5 2. b3 f6 3. d4 Bg4 4. Bb2 Nd7 5. Nbd2 e6 6. e4 Bd6 7. h3 Bh5 8. Bd3
Ne7 9. Qe2 dxe4 10. Nxe4 Bf7 11. O-O-O Nd5 12. Nxd6+ cxd6 13. Qd2 Qc7 14. Kb1
a5 15. Rhe1 O-O 16. Nh4 Nb4 17. f4 Nxd3 18. Qxd3 Nb6 19. f5 exf5 20. Nxf5 Rae8
21. Qg3 Bg6 22. Qxd6 Qc8 23. g4 Qd8 24. Ba3 Rxe1 25. Rxe1 Qxd6 26. Bxd6 Ra8 27.
c4 a4 28. Kb2 axb3 29. axb3 Nc8 30. Bc5 b6 31. Bb4 Ra7 32. d5 Kf7 33. Ba3 h5
34. Bb4 hxg4 35. hxg4 Bxf5 36. gxf5 g6 37. fxg6+ Kxg6 38. Re8 1-0

[Event "DRUGA LIGA SRBIJE-GRUPA VOJVODINA-2019."]
[Site "Kovacica"]
[Date "2019.11.05"]
[Round "6.6"]
[White "Vidic, Stevan"]
[Black "Muskinja, Luka"]
[Result "1-0"]
[WhiteElo "2267"]
[BlackElo "1810"]
[PlyCount "115"]
[EventDate "2019.11.01"]
[WhiteTeam "SK Backa Pacir"]
[BlackTeam "SK Sloga Indjija"]

1. d4 Nf6 2. c4 g6 3. Nc3 d5 4. Nf3 Bg7 5. Bg5 dxc4 6. e3 a6 7. a4 c5 8. Bxc4
O-O 9. h3 Nc6 10. O-O Bf5 11. dxc5 Qa5 12. Rc1 Rad8 13. Qe2 Qxc5 14. e4 Nd4 15.
Nxd4 Rxd4 16. Be3 Qxc4 17. Bxd4 Qxe2 18. Nxe2 Bxe4 19. Rfd1 Rd8 20. Bc5 Re8 21.
Nc3 Bc6 22. b4 Ne4 23. Nxe4 Bxe4 24. Bxe7 Rxe7 25. Rd8+ Bf8 26. Rcc8 Bc6 27.
Rxf8+ Kg7 28. Rg8+ Kf6 29. Rxc6+ bxc6 30. Ra8 Re1+ 31. Kh2 Rb1 32. Rxa6 Rxb4
33. Rxc6+ Ke7 34. a5 Ra4 35. a6 Ra3 36. Rc7+ Ke6 37. a7 g5 38. g4 Ra2 39. Kg2
Ra3 40. Kf1 Ra2 41. Ke1 h6 42. Kd1 f5 43. Kc1 fxg4 44. hxg4 Ke5 45. Kb1 Ra6 46.
f3 Kf4 47. Rf7+ Kg3 48. Kc2 Kh4 49. Kd3 h5 50. Rh7 Kg3 51. gxh5 Kxf3 52. Rf7+
Kg3 53. h6 Rd6+ 54. Ke4 Rd8 55. h7 g4 56. Rg7 Re8+ 57. Kf5 Rf8+ 58. Kg6 1-0

[Event "DRUGA LIGA SRBIJE-GRUPA VOJVODINA-2019."]
[Site "Kovacica"]
[Date "2019.11.05"]
[Round "6.6"]
[White "Ivanis, Goran"]
[Black "Jesenski, Tibor"]
[Result "0-1"]
[WhiteElo "2061"]
[BlackElo "2279"]
[PlyCount "54"]
[EventDate "2019.11.01"]
[WhiteTeam "SK Sloga Indjija"]
[BlackTeam "SK Backa Pacir"]

1. c4 e6 2. Nf3 d5 3. g3 Nf6 4. Bg2 Be7 5. O-O O-O 6. d4 dxc4 7. Qa4 Bd7 8.
Qxc4 Bc6 9. Nc3 Nbd7 10. a3 a5 11. Qd3 Rb8 12. Bg5 b5 13. Bxf6 Bxf6 14. Ng5
Bxg5 15. Bxc6 b4 16. axb4 axb4 17. Ne4 Be7 18. Rfc1 Nf6 19. Ra7 Nxe4 20. Bxe4
f5 21. Bg2 Bd6 22. e4 fxe4 23. Bxe4 h6 24. Qe3 Qf6 25. b3 Rb5 26. Ra2 Rg5 27.
Re2 Bf4 0-1

[Event "DRUGA LIGA SRBIJE-GRUPA VOJVODINA-2019."]
[Site "Kovacica"]
[Date "2019.11.05"]
[Round "6.6"]
[White "Kecskemeti, Arpad"]
[Black "Majstorovic, Stanko"]
[Result "1-0"]
[WhiteElo "2240"]
[BlackElo "2078"]
[PlyCount "89"]
[EventDate "2019.11.01"]
[WhiteTeam "SK Backa Pacir"]
[BlackTeam "SK Sloga Indjija"]

1. e4 e5 2. Nf3 Nc6 3. d4 exd4 4. Nxd4 Be7 5. Be3 Nf6 6. Nc3 O-O 7. Nxc6 dxc6
8. Bd3 h6 9. h3 Nh7 10. O-O f5 11. exf5 Bxf5 12. Bxf5 Rxf5 13. Qg4 Rf7 14. Bxh6
Qd6 15. Be3 Nf6 16. Qg6 Qb4 17. Rab1 Rd8 18. a3 Qc4 19. Rbd1 Rd6 20. Rxd6 Bxd6
21. Qd3 Qe6 22. Bd4 Nh5 23. Qe2 Qh6 24. Be3 Qh7 25. Qd3 Qxd3 26. cxd3 Rd7 27.
Rd1 Nf6 28. Kf1 a5 29. Ne4 Be7 30. Nxf6+ Bxf6 31. Rd2 Kf7 32. Ke2 Ke6 33. f4
Kd5 34. Rc2 b6 35. g4 g6 36. g5 Bh8 37. Kf3 Rh7 38. Kg4 c5 39. h4 a4 40. Bf2 c6
41. f5 gxf5+ 42. Kxf5 Bxb2 43. Rxb2 b5 44. Kg6 Rb7 45. Rc2 1-0